000 00478nam a2200181Ia 4500
008 090124s9999 xx 000 0 und d
082 _b9284
_a1307
100 _aगांधीजी
245 _a मंगल-प्रभात
250 _a1
260 _c1957
300 _a112
600 _aगांधीजी
630 _a मंगल-प्रभात
700 _aगांधीजी
730 _a मंगल-प्रभात
942 _cBOOK
999 _c123331
_d123331